000 00315nam a2200109Ia 4500
008 200302s9999 xx 000 0 und d
100 _aMatthijs Van Oostrum and Other
245 _aA Walking Tour ahmedabad sketches of the city's Architectural Treasures
260 _bMapin Publishing
260 _c2017
300 _a186
999 _c6048
_d6048